Depression politics in Michigan, 1929-1933 /

Bibliographic Details
Main Author: Ortquist, Richard T. (Richard Theodore), 1933-
Format: Book
Language:English
Published: New York : Garland, 1982.
Series:Modern American history.
Subjects:

MARC

Tag First Indicator Second Indicator Subfields
LEADER 00000cam a22000008a 4500
001 in00000069724
005 20151008054543.0
008 811002s1982 nyuab b 00110 eng
010 |a  80008472  
020 |a 0824048644 :  |c $30.00 
035 |a (OCoLC)07923732 
035 |9 AAJ0994AM 
039 0 |a 2  |b 3  |c 3  |d 3  |e 3 
040 |a DLC  |c DLC  |d TXA  |d UtOrBLW 
043 |a n-us-mi 
049 |a TXAM  |c [800630] 
050 0 0 |a F566  |b .O68 1982 
082 0 |a 977.4/042  |2 19 
100 1 |a Ortquist, Richard T.  |q (Richard Theodore),  |d 1933- 
245 1 0 |a Depression politics in Michigan, 1929-1933 /  |c Richard T. Ortquist. 
263 |a 8202 
264 1 |a New York :  |b Garland,  |c 1982. 
300 |a iii, 276 pages :  |b illustrations, maps ;  |c 24 cm. 
336 |a text  |b txt  |2 rdacontent 
337 |a unmediated  |b n  |2 rdamedia 
338 |a volume  |b nc  |2 rdacarrier 
490 1 |a Modern American history 
500 |a Originally presented as the author's thesis (Ph.D.)--University of Michigan, 1968. 
504 |a Includes bibliographical references and index. 
651 0 |a Michigan  |x Politics and government  |y 1837-1950. 
830 0 |a Modern American history. 
999 |a MARS 
999 f f |s 275f3b00-e7dd-3efd-b7ae-9e19a99c528a  |i 17abe0fe-0970-3eb3-b687-e20bdfdbf988  |t 0 
952 f f |p ric  |a Texas A&M University  |b Rellis Campus  |c Joint Library Facility  |d Remote Storage  |t 0  |e F566 .O68 1982  |h Library of Congress classification  |i unmediated -- volume  |m A14806109980 
998 f f |a F566 .O68 1982  |t 0  |l Remote Storage